00765nam a22002057a 450000500170000001000150001702000260003203500140005803700090007208200060008124500750008725000060016226000420016827001140021030000200032470000380034494200200038299900190040295201380042120240925151840.0 aENG-141765 a9789390088294c150.00 aEN-125297 bDBAD aS a11 Selected Stories of Munshi Premchand/cRenowned By Munshi PremChand a1 aNew DelhibDiamond Pocket Booksc2024 aX- 30, Okhla Industrial Area, Phase-IIbNew Delhie110020mwecare@diamondbooks.ink011-40712100k011-41611861 a144p.c22cm(pb) aMunshi PremchandeRenowned971963 2ddccENhSmPRE c205893d205893 001040708NFICaBL4bBL4d2024-09-25eDBADg150.00l1oS PREpEN-125297r2025-01-24 00:00:00s2024-12-07t1v150.00w2024-09-25yEN